| 000 | 00713nam a2200205 i 4500 | ||
|---|---|---|---|
| 001 | 39524 | ||
| 003 | ES-MaACL | ||
| 005 | 20250610143101.0 | ||
| 007 | t| | ||
| 008 | 030303s1964 sp ||||1| spa d | ||
| 245 | 0 | 0 |
_aCancionero infantil _b: (antología) / _c[realizó la recopilación, selección y notas musicales Bonifacio Gil]. |
| 260 |
_aMadrid : _bTaurus, _c1964. |
||
| 300 |
_a163 p. ; _c18 cm. |
||
| 490 | 1 |
_aSer y tiempo. Temas de nuestro tiempo ; _v25 |
|
| 650 | 4 |
_aCanciones infantiles- _zEspaña. _9163536 |
|
| 700 | 1 |
_aGil, Bonifacio, _d1898-1964 _956719 |
|
| 830 | 0 |
_aSer y tiempo. Temas de nuestro tiempo ; _v25 _9229707 |
|
| 852 |
_aES-MaACL _jC-25509 _bR.54006 |
||
| 999 |
_c39524 _d39524 |
||